<?xml version="1.0" encoding="UTF-8"?><?xml-stylesheet type="text/xsl" href="static/style.xsl"?><OAI-PMH xmlns="http://www.openarchives.org/OAI/2.0/" xmlns:xsi="http://www.w3.org/2001/XMLSchema-instance" xsi:schemaLocation="http://www.openarchives.org/OAI/2.0/ http://www.openarchives.org/OAI/2.0/OAI-PMH.xsd"><responseDate>2026-04-14T03:03:41Z</responseDate><request verb="GetRecord" identifier="oai:www.recercat.cat:20.500.12694/7074" metadataPrefix="marc">https://recercat.cat/oai/request</request><GetRecord><record><header><identifier>oai:recercat.cat:20.500.12694/7074</identifier><datestamp>2025-12-18T12:09:53Z</datestamp><setSpec>com_2072_179042</setSpec><setSpec>col_2072_484474</setSpec></header><metadata><record xmlns="http://www.loc.gov/MARC21/slim" xmlns:dcterms="http://purl.org/dc/terms/" xmlns:xsi="http://www.w3.org/2001/XMLSchema-instance" xmlns:doc="http://www.lyncode.com/xoai" xsi:schemaLocation="http://www.loc.gov/MARC21/slim http://www.loc.gov/standards/marcxml/schema/MARC21slim.xsd">
   <leader>00925njm 22002777a 4500</leader>
   <datafield ind2=" " ind1=" " tag="042">
      <subfield code="a">dc</subfield>
   </datafield>
   <datafield ind2=" " ind1=" " tag="720">
      <subfield code="a">Bugliari Renzi, Elena</subfield>
      <subfield code="e">author</subfield>
   </datafield>
   <datafield ind2=" " ind1=" " tag="260">
      <subfield code="c">2021-06</subfield>
   </datafield>
   <datafield ind2=" " ind1=" " tag="520">
      <subfield code="a">Avui en dia la majoria dels violinistes utilitzen la costella, però en la primera meitat del segle XX la majoria tocaven sense. Per què hi ha hagut aquest canvi? Quins avantatges i desavantatges comporta? I sobretot, existeix una tècnica basada en la costella o aquesta només és un suport d’una tècnica general? El present treball dona resposta a aquestes preguntes mitjançant un estudi analític de contextualització sociohistòrica i una explicació complementada amb fotografies que ajuden a mostrar amb més claredat els aspectes bàsics de la tècnica del violí.</subfield>
   </datafield>
   <datafield ind2=" " ind1=" " tag="520">
      <subfield code="a">A día de hoy la mayoría de violinistas utilizan la almohadilla, sin embargo, en la primera mitad del siglo XX la mayoría tocaban sin ella. ¿Por qué ha habido este cambio? ¿Qué ventajas o desventajas conlleva? Y, sobre todo, ¿existe una técnica basada en la almohadilla o ésta es sólo un soporte de una técnica general? El presente trabajo da respuesta a estas preguntas mediante un estudio analítico de contextualización sociohistórica y una explicación complementada con fotografías que ayudan a mostrar con más claridad los aspectos básicos de la técnica del violín.</subfield>
   </datafield>
   <datafield ind2=" " ind1=" " tag="520">
      <subfield code="a">Nowadays, most violinists use the shoulder rest; however, in the first half of the 20th century, most of them played the violin without it. Why did this change occur? What are the advantages and disadvantages? And, above all, does there exist a technique based on the shoulder rest, or is it just a support for a general technique? This thesis answers all of these questions by means of an analytical study of socio-historical contextualization and an explanation complemented with pictures, which help to show more clearly the basics of violin technique.</subfield>
   </datafield>
   <datafield ind1="8" ind2=" " tag="024">
      <subfield code="a">http://hdl.handle.net/20.500.12694/7074</subfield>
   </datafield>
   <datafield tag="653" ind2=" " ind1=" ">
      <subfield code="a">TFG Música clàssica i contemporània</subfield>
   </datafield>
   <datafield tag="653" ind2=" " ind1=" ">
      <subfield code="a">Violí--Construcció</subfield>
   </datafield>
   <datafield tag="653" ind2=" " ind1=" ">
      <subfield code="a">Violí--Història</subfield>
   </datafield>
   <datafield tag="653" ind2=" " ind1=" ">
      <subfield code="a">Violí, Música per a--Interpretació (Fraseig, dinàmica, etc.)</subfield>
   </datafield>
   <datafield ind2="0" ind1="0" tag="245">
      <subfield code="a">L'ús de la costella en el violí : una facilitat o un obstacle per la interpretació?</subfield>
   </datafield>
</record></metadata></record></GetRecord></OAI-PMH>